Don't Know Much about History: Everything You Need to Know About American History but Never Learned / (Record no. 616963)

000 -LEADER
fixed length control field 00455nam a22001457a 4500
020 ## - INTERNATIONAL STANDARD BOOK NUMBER
Qualifying information PB.
040 ## - CATALOGING SOURCE
Transcribing agency FIZZA ISHAQ
082 ## - DEWEY DECIMAL CLASSIFICATION NUMBER
Classification number 973
Author Mark DAV
100 ## - MAIN ENTRY--PERSONAL NAME
Personal name Davis , Kenneth C.
9 (RLIN) 134037
245 ## - TITLE STATEMENT
Title Don't Know Much about History: Everything You Need to Know About American History but Never Learned /
Statement of responsibility, etc. Kenneth C. Davis.
250 ## - EDITION STATEMENT
Edition statement 1st ED.
260 ## - PUBLICATION, DISTRIBUTION, ETC.
Place of publication, distribution, etc. New York:
Name of publisher, distributor, etc. Avon Books,
Date of publication, distribution, etc. 1990.
300 ## - PHYSICAL DESCRIPTION
Extent 462 P. ;
Dimensions 8 x 5.2 x 1.1 inches,
942 ## - ADDED ENTRY ELEMENTS (KOHA)
Source of classification or shelving scheme
Koha item type Book
Holdings
Withdrawn status Lost status Source of classification or shelving scheme Damaged status Not for loan Permanent Location Current Location Shelving location Date acquired Full call number Barcode Date last seen Price effective from Koha item type
          NUST Baluchistan Campus (NBC) NUST Baluchistan Campus (NBC) General Stacks 04/10/2026 973 DAV QD-336 04/10/2026 04/10/2026 Book
© 2023 Central Library, National University of Sciences and Technology. All Rights Reserved.